FIFA Women's World Cup Host Cities 1991-2017 - Statistics

General Stats
  • This quiz has been taken 17 times
  • The average score is 36 of 71
Answer Stats
Edition City % Correct
USA 1999 New York
93%
USA 1999 Los Angeles
86%
USA 2003 Los Angeles
86%
China 2007 Shanghai
86%
Australia & New Zealand 2023 Sydney
86%
Australia & New Zealand 2023 Auckland
79%
Germany 2011 Berlin
79%
USA 1999 Boston
79%
USA 2003 Boston
79%
Australia & New Zealand 2023 Brisbane
79%
USA 1999 Chicago
79%
France 2019 Lyon
79%
Australia & New Zealand 2023 Melbourne
79%
France 2019 Paris
79%
Australia & New Zealand 2023 Perth
79%
Brazil 2027 Rio de Janeiro
79%
USA 1999 San Francisco
79%
Australia & New Zealand 2023 Wellington
79%
Australia & New Zealand 2023 Adelaide
71%
Brazil 2027 Belo Horizonte
71%
China 1991 Guangzhou
71%
Brazil 2027 Manaus
71%
Canada 2015 Montreal
71%
Canada 2015 Ottawa
71%
Brazil 2027 Sao Paulo
71%
Brazil 2027 Brasilia
64%
Canada 2015 Edmonton
64%
Brazil 2027 Porto Alegre
64%
China 2007 Tianjin
64%
Canada 2015 Vancouver
64%
USA 1999 Washington D.C
64%
USA 2003 Washington D.C
64%
Germany 2011 Dresden
57%
Brazil 2027 Fortaleza
57%
Germany 2011 Frankfurt
57%
Australia & New Zealand 2023 Hamilton
57%
USA 2003 Philadelphia
57%
Canada 2015 Winnipeg
57%
France 2019 Montpellier
50%
France 2019 Nice
50%
Brazil 2027 Recife
50%
China 2007 Wuhan
50%
China 2007 Chengdu
43%
Australia & New Zealand 2023 Dunedin
43%
Brazil 2027 Salvador
43%
USA 2003 Columbus
36%
France 2019 Grenoble
36%
China 2007 Hangzhou
36%
France 2019 Le Havre
36%
USA 1999 Portland
36%
USA 2003 Portland
36%
France 2019 Rennes
36%
Sweden 1995 Solna
36%
Germany 2011 Augsburg
21%
Germany 2011 Bochum
21%
Brazil 2027 Cuiaba
21%
China 1991 Foshan
21%
Germany 2011 Monchengladbach
21%
Canada 2015 Moncton
21%
France 2019 Reims
21%
Sweden 1995 Gavle
14%
USA 1999 San Jose
14%
Sweden 1995 Vasteras
14%
Germany 2011 Wolfsburg
14%
Sweden 1995 Helsingborg
7%
Germany 2011 Leverkusen
7%
Germany 2011 Sinsheim
7%
France 2019 Valenciennes
7%
China 1991 Jiangmen
0%
Sweden 1995 Karlstad
0%
China 1991 Zhongshan
0%
No matching quizzes found
Score Distribution
Percent of People with Each Score
Percentile by Number Answered
Your Score History
You have not taken this quiz